[Event "AUTO-ADV-4892"]
[Site "http://www.queenalice.com/game.php?id=1872085"]
[Date "2026.4.16"]
[Round "2"]
[White "Capixabba789"]
[Black "Pin"]
[Result "1/2-1/2"]
[WhiteElo "1916"]
[BlackElo "2137"]

1. d4 Nf6 2. c4 g6 3. Nc3 d5 4. cxd5 Nxd5 5. e4 Nxc3 6. bxc3 Bg7 7. f4 c5 8. Nf3
Bg4 9. Be2 Bxf3 10. Bxf3 cxd4 11. cxd4 Qxd4 12. Rb1 Qxd1+ 13. Bxd1 b6 14. Ba3
Nd7 15. Bf3 Rd8 16. O-O Bd4+ 17. Kh1 Bc5 18. Bb2 O-O 19. e5 e6 20. a4 h5 21. Bc6
Nb8 22. Bf3 Na6 23. Be2 Nb4 24. Ba3 Rd4 25. Bxb4 Rxb4 26. Rxb4 Bxb4 27. Bb5 Rd8
28. h3 Kg7 29. h4 Bc5 30. Kh2 Be3 31. g3 Rd2+ 32. Kh3 Rd5 33. Bc6 Rd4 34. Bb5
Rd2 35. Rc1 Bc5 36. Ba6 Kf8 37. Bb5 Ke7 38. Ba6 Ra2 39. Bb5 Rd2 40. Ba6 Kd7 41.
Bb5+ Ke7 1/2-1/2

[Event "AUTO-ADV-4892"]
[Site "http://www.queenalice.com/game.php?id=1872086"]
[Date "2026.4.16"]
[Round "2"]
[White "Pin"]
[Black "Capixabba789"]
[Result "1-0"]
[WhiteElo "2134"]
[BlackElo "1951"]

1. e4 e5 2. Nf3 d6 3. d4 exd4 4. Nxd4 Nf6 5. Nc3 Be7 6. Bc4 O-O 7. O-O Bd7 8. f4
Bg4 9. Qe1 Bd7 10. e5 dxe5 11. fxe5 Ng4 12. Qg3 Nxe5 13. Qxe5 Bf6 14. Rxf6 Qxf6
15. Qxf6 gxf6 16. Nd5 a5 17. Bh6 Rd8 18. Nxf6+ Kh8 19. Re1 Bc6 20. Nf5 1-0

[Event "AUTO-OPEN-4649"]
[Site "http://www.queenalice.com/game.php?id=1872462"]
[Date "2026.4.25"]
[Round "1"]
[White "Pin"]
[Black "Diego_Silveira"]
[Result "0-1"]
[WhiteElo "2144"]
[BlackElo "2114"]

1. d4 d5 2. Nf3 Nf6 3. Bg5 Ne4 4. Bf4 c5 5. e3 Nc6 6. Be2 Bf5 7. O-O e6 8. c3 c4
9. Nbd2 Qb6 10. Qc1 Be7 11. Nxe4 Bxe4 12. Nd2 Bg6 13. f3 O-O 14. Kh1 Qa6 15. b3
b5 16. e4 Rfe8 17. e5 Ba3 18. Qd1 Bb2 19. bxc4 bxc4 0-1

[Event "AUTO-OPEN-4649"]
[Site "http://www.queenalice.com/game.php?id=1872463"]
[Date "2026.4.25"]
[Round "1"]
[White "Diego_Silveira"]
[Black "Pin"]
[Result "1-0"]
[WhiteElo "2127"]
[BlackElo "2131"]

1. Nf3 Nf6 2. g3 d5 3. c4 e6 4. Bg2 Be7 5. O-O O-O 6. b3 c6 7. Bb2 Nbd7 8. d3
Qc7 9. Nbd2 Re8 10. cxd5 exd5 11. Rc1 Qd6 12. Re1 Nf8 13. Qc2 Bf5 14. Nd4 Bg6
15. a3 Ne6 16. b4 Bf8 17. N2b3 b6 18. Nxc6 1-0

[Event "AUTO-OPEN-4649"]
[Site "http://www.queenalice.com/game.php?id=1872466"]
[Date "2026.4.25"]
[Round "1"]
[White "Pin"]
[Black "Carlos19"]
[Result "1-0"]
[WhiteElo "2126"]
[BlackElo "1776"]

1. e4 e5 2. Nf3 Nc6 3. Bb5 Bd6 4. O-O a6 5. Bxc6 bxc6 6. d4 f6 7. dxe5 fxe5 8.
Nxe5 Bxe5 9. Qh5+ g6 10. Qxe5+ Kf7 11. Qxh8 Qh4 12. Qd4 d5 13. Nc3 Bf5 14. Be3
Bxe4 15. Nxe4 Qxe4 16. Qxe4 dxe4 17. Rfd1 Ke8 18. Rd4 Nf6 19. Rad1 Kf7 20. c4 c5
21. Rd8 Rxd8 22. Rxd8 h5 23. Bxc5 Ke6 24. b4 Nd7 25. Rxd7 Kxd7 26. Kf1 Kc6 27.
Ke2 a5 28. a3 axb4 29. axb4 g5 30. Ke3 Kd7 31. Kxe4 g4 32. Kf5 c6 33. Kg5 Ke6
34. Kxh5 1-0

[Event "AUTO-OPEN-4649"]
[Site "http://www.queenalice.com/game.php?id=1872467"]
[Date "2026.4.25"]
[Round "1"]
[White "Carlos19"]
[Black "Pin"]
[Result "0-1"]
[WhiteElo "1742"]
[BlackElo "2140"]

1. e4 c5 2. Bc4 e6 3. d3 d5 4. exd5 exd5 5. Bb3 Nf6 6. Nf3 Bd6 7. Bg5 Be6 8.
Ba4+ Nc6 9. Bxc6+ bxc6 10. d4 cxd4 11. Nxd4 Bd7 12. O-O O-O 13. h3 c5 14. Nf3
Bc6 15. Re1 h6 16. Bxf6 Qxf6 17. c3 Rab8 18. b3 Qf4 19. g3 Qf6 20. a4 d4 21.
cxd4 Bxf3 22. Qd3 Bd5 23. Nc3 Bxb3 24. dxc5 Bxc5 25. Re2 Bb4 26. Nd5 Qxa1+ 27.
Kh2 Bxd5 28. Qxd5 Qxa4 29. Ra2 Qb5 30. Qd4 a5 31. h4 Rbd8 32. Qg4 Qd5 33. Re2
Rde8 34. Rxe8 Rxe8 35. f3 Re2+ 36. Kh3 Qe6 37. Qxe6 Rxe6 38. f4 h5 39. g4 Re3+
40. Kg2 hxg4 41. f5 Rf3 0-1

[Event "AUTO-OPEN-4651"]
[Site "http://www.queenalice.com/game.php?id=1873068"]
[Date "2026.5.8"]
[Round "1"]
[White "Pin"]
[Black "mvson33"]
[Result "1-0"]
[WhiteElo "2143"]
[BlackElo "1835"]

1. d4 Nf6 2. c4 d5 3. Nc3 e6 4. Nf3 dxc4 5. a4 Be7 6. e4 O-O 7. Bxc4 Nc6 8. O-O
Bd7 9. Re1 Rb8 10. h3 Na5 11. Bd3 Nc6 12. e5 Nd5 13. Nxd5 exd5 14. Bb1 Be6 15.
Qd3 Bb4 16. Qxh7# 1-0

[Event "AUTO-MASTER-3305"]
[Site "http://www.queenalice.com/game.php?id=1873182"]
[Date "2026.5.8"]
[Round "1"]
[White "chessman"]
[Black "Pin"]
[Result "1/2-1/2"]
[WhiteElo "2146"]
[BlackElo "2144"]

1. e4 c5 2. Nf3 d6 3. Bb5+ Bd7 4. Bxd7+ Nxd7 5. O-O e5 6. Re1 Ngf6 7. c3 Be7 8.
d4 cxd4 9. cxd4 O-O 10. Nc3 a6 11. dxe5 dxe5 12. Qe2 Qc7 13. Bg5 Rfe8 14. Rad1
Rad8 15. h3 h6 16. Bxf6 Nxf6 17. a3 b5 18. b4 Nh5 19. Nd5 Qb8 20. Rc1 Nf4 21.
Nxf4 exf4 22. Rcd1 a5 23. Nd4 Rc8 24. Qxb5 axb4 25. Qxb8 Rxb8 26. axb4 Bxb4 27.
Re2 Bc5 28. Nf3 Re7 29. Rd5 Bb4 30. Nd4 Rb6 31. f3 Reb7 32. Nc2 Bf8 33. Rd8 Rb1+
34. Kf2 g5 35. Nd4 Kg7 36. Nf5+ Kg8 37. Nxh6+ Kg7 38. Nf5+ Kg8 39. Rc2 R1b2 40.
Ne7+ Kg7 41. Nf5+ Kg8 42. Ne7+ Kg7 43. Nf5+ Kg8 1/2-1/2

[Event "AUTO-MASTER-3305"]
[Site "http://www.queenalice.com/game.php?id=1873183"]
[Date "2026.5.8"]
[Round "1"]
[White "Pin"]
[Black "chessman"]
[Result "1/2-1/2"]
[WhiteElo "2146"]
[BlackElo "2072"]

1. Nf3 d5 2. g3 e6 3. d4 Nf6 4. Bg2 Be7 5. O-O O-O 6. c4 c6 7. Nc3 Re8 8. Bg5 a6
9. b3 Nbd7 10. Ne5 Nxe5 11. dxe5 Nd7 12. Bxe7 Qxe7 13. f4 Qb4 14. Qd3 Nc5 15.
Qd4 dxc4 16. bxc4 Na4 17. Nxa4 Qxa4 18. Rfd1 h6 19. Be4 Rb8 20. Qd6 Qxc4 21.
Qxb8 Qxe4 22. Re1 Qe3+ 23. Kg2 Qe4+ 24. Kg1 Qe3+ 25. Kg2 Qe4+ 26. Kg1 1/2-1/2